Cricket: Fastest to 200 Test Wickets - Statistics

General Stats
  • This quiz has been taken 13 times
  • The average score is 13 of 20
Answer Stats
Country Year Matches Answer % Correct
AUS 1995 42 Shane Warne
100%
SL 1998 42 Muttiah Muralitharan
92%
IND 2016 37 Ravichandran Ashwin
92%
WI 1994 45 Sir Curtly Ambrose
83%
SA 2010 39 Dale Steyn
75%
ENG 1981 41 Ian Botham
75%
WI 1986 41 Malcolm Marshall
75%
IND 2019 44 Ravindra Jadeja
75%
NZ 1983 44 Sir Richard Hadlee
75%
AUS 1980 38 Dennis Lillee
67%
AUS 1999 45 Glenn McGrath
67%
PAK 1982 45 Imran Khan
67%
SA 2021 44 Kagiso Rabada
67%
PAK 1995 38 Waqar Younis
67%
WI 1984 44 Joel Garner
58%
PAK 2018 33 Yasir Shah
58%
SA 1998 42 Allan Donald
42%
AUS 2007 41 Stuart MacGill
33%
ENG 1953 44 Alec Bedser
17%
AUS 1936 36 Clarrie Grimmett
17%
No matching quizzes found
Score Distribution
Percent of People with Each Score
Percentile by Number Answered
Your Score History
You have not taken this quiz